[Event "Reunion op 07th"]
[Site "Reunion"]
[Date "2004.10.16"]
[Round "9"]
[White "Soubery, Ophelie"]
[Black "Hoarau, Sophie"]
[Result "1-0"]
[WhiteElo "1199"]
[BlackElo "1199"]
[PlyCount "55"]
[EventDate "2004.10.09"]
[EventType "swiss"]
[EventRounds "9"]
[EventCountry "RUF"]
[SourceTitle "CBM 102 Extra"]
[Source "ChessBase"]
[SourceDate "2004.11.03"]
[SourceVersion "1"]
[SourceVersionDate "2004.11.03"]
[SourceQuality "1"]

1. e4 e5 2. Nf3 Nf6 3. Nc3 Bb4 4. Bb5 a6 5. Bc4 Nc6 6. Ng5 h6 7. Nxf7 Qe7 8. Nxh8 Qf8 9. Ng6 Qc5 10. 0-0 Qxc4 11. d3 Qf7 12. Nd5 Qxg6 13. Nxc7+ Kf8 14. Nxa8 h5 15. Nb6 Qe8 16. Bg5 Ng4 17. Qf3+ Kg8 18. Nxc8 Qxc8 19. a3 Nh6 20. Bxh6 gxh6 21. Qxh5 d6 22. Qxh6 d5 23. exd5 Na5 24. Rfe1 Bf8 25. Qg5+ Bg7 26. d6 Nc6 27. d4 exd4 28. Qg6 1-0